[Event "SK Johanneum Eppendorf II - SV Großhansdorf"]
[Site "Landesliga Hamburg 2022/23"]
[Date "2022.12.11"]
[Round "3.23"]
[White "Limbach, Torsten"]
[Black "Dumjahn, Carsten"]
[Result "0-1"]
[WhiteElo "1899"]
[BlackElo "1958"]
[PlyCount "72"]

1. Nf3 d5 2. d4 Nf6 3. g3 Bf5 4. Bg2 e6 5. O-O Be7 6. c4
c6 7. Qb3 Qb6 8. c5 Qxb3 9. axb3 O-O 10. Nc3 Na6 11. h3 Nd7 12. e4 dxe4 13. Ng5
e5 14. d5 Naxc5 15. dxc6 bxc6 16. Ngxe4 Nxb3 17. Ra6 Nd4 18. Be3 Rfb8 19. Na4
Rb4 20. Nec3 Bd3 21. Rxc6 Nxc6 22. Bxc6 Bxf1 23. Bxa8 Bxh3 24. Bxa7 Be6 25. Bc6
Kf8 26. Kf1 f5 27. Kg1 Kf7 28. Nd5 Rc4 29. Bxd7 Bxd5 30. Nc3 Be6 31. Ba4 Rb4
32. b3 Bxb3 33. Bxb3+ Rxb3 34. Nd5 Bd6 35. Ne3 Ke6 36. Kg2 Rb7 0-1

[Event "SK Johanneum Eppendorf II - SV Großhansdorf"]
[Site "Landesliga Hamburg 2022/23"]
[Date "2022.12.11"]
[Round "3.24"]
[White "Schmidt, Armin"]
[Black "Jordt, Joachim"]
[Result "1/2-1/2"]
[WhiteElo "1960"]
[BlackElo "2071"]
[PlyCount "61"]

1. Nf3 d5 2. d4 e6 3. g3 c6 4.
Bg2 f5 5. c4 Nf6 6. O-O Bd6 7. b3 Qe7 8. Bb2 b6 9. Nc3 Bb7 10. cxd5 exd5 11. e3
O-O 12. Qc2 Ne4 13. Rfd1 Nd7 14. Rac1 Rac8 15. Ne2 Rf7 16. Nf4 Ng5 17. Nxg5
Qxg5 18. Bh3 Qf6 19. a3 g5 20. Nd3 g4 21. Bg2 Qe7 22. b4 Nf6 23. Ne5 Bxe5 24.
dxe5 Ne4 25. Qd3 Qe6 26. a4 Rfc7 27. h3 h5 28. h4 Kh7 29. Ba1 Kg6 30. Qe2 Kh6
31. Kh2 1/2-1/2

[Event "SK Weisse Dame - FC St. Pauli III"]
[Site "Landesliga Hamburg 2022/23"]
[Date "2022.12.11"]
[Round "3.25"]
[White "Kahlert, Thomas"]
[Black "Popist, Florian"]
[Result "1/2-1/2"]
[WhiteElo "2144"]
[BlackElo "2161"]
[PlyCount "42"]

1. c4 c5 2. Nf3 g6 3. Nc3 Bg7 4. g3 Nc6 5. Bg2 d6 6. O-O e5 7. d3 Nge7 8. a3
O-O 9. Rb1 a5 10. Bd2 Rb8 11. Qa4 Be6 12. Rfc1 h6 13. Nb5 f5 14. b4 axb4 15.
axb4 Ra8 16. Qd1 b6 17. bxc5 bxc5 18. Bc3 Qd7 19. e3 Rad8 20. Bb2 f4 21. exf4
exf4 1/2-1/2

[Event "SK Weisse Dame - FC St. Pauli III"]
[Site "Landesliga Hamburg 2022/23"]
[Date "2022.12.11"]
[Round "3.26"]
[White "Schoeneshoefer, Adrian"]
[Black "Thomaschke, Dirk"]
[Result "0-1"]
[WhiteElo "1995"]
[BlackElo "2167"]
[PlyCount "56"]

1. e4 e5 2. f4 exf4 3. Nf3 g5 4. h4 g4 5. Ne5 d6 6. Nxg4 Be7 7. d4 Bxh4+ 8. Nf2
Bg3 9. Nc3 Nf6 10. Be2 Nc6 11. a3 Rg8 12. Kf1 Bxf2 13. Kxf2 Ng4+ 14. Kf1 Qg5
15. Bxg4 Bxg4 16. Qd2 Nxd4 17. Qxd4 Be2+ 18. Ke1 Qxg2 19. Rg1 Qxg1+ 20. Qxg1
Rxg1+ 21. Kxe2 O-O-O 22. Nd5 Re8 23. Kf2 Rh1 24. Kg2 Re1 25. Nc3 Rg8+ 26. Kf2
Rgg1 27. Ne2 Rgf1+ 28. Kg2 f3+ 0-1

[Event "SK Weisse Dame - FC St. Pauli III"]
[Site "Landesliga Hamburg 2022/23"]
[Date "2022.12.11"]
[Round "3.27"]
[White "Schleicher, Guido"]
[Black "Mandelbaum, Peter-Rene"]
[Result "1-0"]
[WhiteElo "2192"]
[BlackElo "2100"]
[PlyCount "35"]

1. e4 c5 2. Nf3 Nc6 3. d4 cxd4 4. Nxd4 Nf6 5. Nc3 d6 6. Bg5 e6 7. f4 Be7 8. Qd2
O-O 9. O-O-O Nxd4 10. Qxd4 Qa5 11. Kb1 a6 12. Be2 Rd8 13. Bf3 Qc7 14. e5 dxe5
15. Qxe5 Qb6 16. Ne4 Nd5 17. Bxe7 Nxe7 18. Qc5 1-0

[Event "SK Weisse Dame - FC St. Pauli III"]
[Site "Landesliga Hamburg 2022/23"]
[Date "2022.12.11"]
[Round "3.28"]
[White "Schiele, Lars"]
[Black "Goepfert, Jakob"]
[Result "0-1"]
[WhiteElo "2070"]
[BlackElo "2116"]
[PlyCount "56"]

1. d4 Nf6 2. c4 c5 3. d5 b5 4. cxb5 a6 5. bxa6 d6 6. Nc3 Bxa6 7. e4 Bxf1 8.
Kxf1 g6 9. g3 Bg7 10. Kg2 O-O 11. Nf3 Nbd7 12. a4 Qb6 13. Qc2 Qb4 14. Bd2 Rab8
15. Rhb1 Qb7 16. h3 Rfe8 17. Nb5 Bf8 18. Bg5 Nh5 19. Be3 e6 20. dxe6 Rxe6 21.
Kh2 Rxe4 22. Rd1 Rxe3 23. Ng5 Re5 24. Nxf7 Kxf7 25. Rxd6 Kg7 26. Rxd7+ Qxd7 27.
Qc3 Qf5 28. f4 Nxf4 0-1

[Event "SK Weisse Dame - FC St. Pauli III"]
[Site "Landesliga Hamburg 2022/23"]
[Date "2022.12.11"]
[Round "3.29"]
[White "Thieme, Daniel Otis"]
[Black "Ludwig, Jan"]
[Result "1-0"]
[WhiteElo "2037"]
[BlackElo "2058"]
[PlyCount "183"]

1. d4 e6 2. c4 f5 3. g3 Nf6 4. Bg2 d5 5. Nf3 Bd6 6. O-O O-O 7. b3 c6 8. Ba3 Ne4
9. Qc1 b6 10. Bxd6 Qxd6 11. Qa3 Nd7 12. Rc1 Bb7 13. Qxd6 Nxd6 14. cxd5 exd5 15.
e3 Rfe8 16. Nc3 h6 17. Na4 g5 18. Rc2 Kf7 19. Nb2 g4 20. Nh4 Kf6 21. Nd3 Rac8
22. Rac1 a5 23. h3 Ne4 24. hxg4 fxg4 25. Bf1 c5 26. Nf4 cxd4 27. exd4 Rxc2 28.
Rxc2 Nf8 29. Rc7 Re7 30. Rxe7 Kxe7 31. Nf5+ Kf6 32. Nxh6 Kg5 33. Nf7+ Kf6 34.
Ne5 Kf5 35. Bd3 Ne6 36. Nxe6 Kxe6 37. Nxg4 Nc3 38. a4 Na2 39. Bc2 Nb4 40. Bd1
Nc6 41. f4 Nxd4 42. Ne5 Kf5 43. Kf2 Ke4 44. Nd7 Kd3 45. Nxb6 Kd2 46. Bg4 Nxb3
47. Bf3 Nc5 48. Bxd5 Nxa4 49. Bxb7 Nxb6 50. f5 Kd3 51. f6 Nd7 52. f7 Kd4 53.
Bc6 Nf8 54. Kf3 Ke5 55. Ba4 Kf6 56. Bb3 a4 57. Ba2 Ng6 58. Ke4 Kg7 59. Kf5 Nf8
60. Ke5 Ng6+ 61. Ke6 a3 62. Bb3 Nf8+ 63. Ke7 Ng6+ 64. Ke8 Nf8 65. Ba2 Ng6 66.
Bb1 Nf8 67. g4 Ne6 68. Ke7 Nf8 69. g5 Nd7 70. g6 Nf8 71. Ke8 Ne6 72. Ke7 Nf8
73. Ke8 Ne6 74. Kd7 Nf8+ 75. Ke7 a2 76. Bxa2 Nxg6+ 77. Ke8 Nf8 78. Bb1 Kh8 79.
Bf5 Kg7 80. Bg4 Ng6 81. Bh5 Nf8 82. Bg4 Ng6 83. Bf3 Nf8 84. Be4 Kh8 85. Bf5 Kg7
86. Ke7 Kh8 87. Kf6 Ng6 88. Ke6 Nf8+ 89. Ke7 Ng6+ 90. Ke8 Kg7 91. Bc2 Kh8 92.
Bxg6 1-0

[Event "SK Weisse Dame - FC St. Pauli III"]
[Site "Landesliga Hamburg 2022/23"]
[Date "2022.12.11"]
[Round "3.30"]
[White "Kuhle, Sebastian"]
[Black "David, Torsten"]
[Result "1/2-1/2"]
[WhiteElo "2056"]
[BlackElo "2055"]
[PlyCount "65"]

1. c4 Nf6 2. Nc3 e6 3. e4 d5 4. e5 Ne4 5. Nf3 Nc6 6. cxd5 exd5 7. Bb5 Bc5 8.
O-O O-O 9. d4 Bb6 10. Na4 Bg4 11. Nxb6 axb6 12. Be2 f6 13. exf6 Qxf6 14. Be3
Kh8 15. a3 h6 16. Rc1 Rfe8 17. Re1 Re7 18. Qd3 Bf5 19. Qb3 Be6 20. Bb5 Na5 21.
Qc2 Nd6 22. Bd3 Nac4 23. Ne5 Bf7 24. Nxc4 Nxc4 25. Bxc4 dxc4 26. Red1 Bd5 27.
Qe2 Qg6 28. Qf1 Rf8 29. Rc3 b5 30. Bd2 Rf3 31. Re1 Rxe1 32. Bxe1 Kh7 33. Re3
1/2-1/2

[Event "SK Weisse Dame - FC St. Pauli III"]
[Site "Landesliga Hamburg 2022/23"]
[Date "2022.12.11"]
[Round "3.31"]
[White "Knecht, Guntram"]
[Black "Purniel Umpierre, Christian"]
[Result "1-0"]
[WhiteElo "2043"]
[BlackElo "1990"]
[PlyCount "61"]

1. e4 c5 2. Nf3 e6 3. d3 Nc6 4. g3 d6 5. Bg2 g6 6. d4 Bg7 7. dxc5 dxc5 8. Qxd8+
Nxd8 9. c3 b6 10. O-O Ba6 11. Re1 Ne7 12. Bf4 Ndc6 13. a4 e5 14. Bf1 Nc8 15.
Na3 Nd6 16. b3 Ke7 17. Nd2 Na5 18. b4 cxb4 19. cxb4 Nac4 20. b5 Nxd2 21. Bxd2
Bb7 22. Bb4 Ke6 23. Bh3+ f5 24. Bxd6 Kxd6 25. exf5 gxf5 26. Bxf5 Rad8 27. Rac1
e4 28. Nc4+ Ke7 29. Bxe4 Bxe4 30. Rxe4+ Kf7 31. Ne5+ 1-0

[Event "SK Weisse Dame - FC St. Pauli III"]
[Site "Landesliga Hamburg 2022/23"]
[Date "2022.12.11"]
[Round "3.32"]
[White "Kielhorn, Sebastian"]
[Black "Hedayat-Nassab, Djamschid"]
[Result "1-0"]
[WhiteElo "1958"]
[BlackElo "2084"]
[PlyCount "123"]

1. d4 Nf6 2. Nf3 e6 3. c4 d5 4. Nc3 Be7 5. Bg5 c6 6. e3 Nbd7 7. Bd3 h6 8. Bh4
O-O 9. O-O Nh5 10. Bxe7 Qxe7 11. Rc1 f5 12. a3 g6 13. b4 Nhf6 14. Qb3 Ne4 15.
b5 Nxc3 16. Rxc3 a6 17. a4 axb5 18. axb5 dxc4 19. Bxc4 Nb8 20. Ne5 Kg7 21. Rfc1
Nd7 22. Nd3 Nb8 23. g3 Re8 24. Qb2 Kh7 25. Bb3 Bd7 26. Ne5 Rd8 27. Bc4 Be8 28.
Qb3 Ra7 29. Bxe6 Rd6 30. Bc4 h5 31. h4 Nd7 32. Nf3 Nf6 33. Bd3 cxb5 34. Bxb5 b6
35. Bd3 Bf7 36. Ng5+ Kg7 37. Bc4 Bxc4 38. Rxc4 Ne4 39. Nxe4 fxe4 40. Rc8 Qf7
41. Qxf7+ Rxf7 42. Rb8 Rdf6 43. Rc2 Kh6 44. Rb2 g5 45. hxg5+ Kxg5 46. R8xb6 Kg4
47. Rxf6 Rxf6 48. Kg2 h4 49. gxh4 Kxh4 50. Rb5 Rg6+ 51. Kf1 Kg4 52. Ke2 Ra6 53.
Rb2 Ra3 54. d5 Ra6 55. Rd2 Rd6 56. Rd4 Kf5 57. Kd2 Ke5 58. Kc3 Kf6 59. Kc4 Kf5
60. Kc5 Rd8 61. d6 Ke5 62. d7 1-0

[Event "SC Diogenes II - Hamburger SK IV"]
[Site "Landesliga Hamburg 2022/23"]
[Date "2022.12.11"]
[Round "3.33"]
[White "Groetzbach, Julian"]
[Black "Bartels, Holger"]
[Result "1-0"]
[WhiteElo "2260"]
[BlackElo "2027"]
[PlyCount "67"]

1. e4 c5 2. Nf3 e6 3. d4 cxd4 4. Nxd4 Nc6 5. Nc3 Qc7 6. Qd3 a6 7. Nxc6 Qxc6 8.
Qg3 Nf6 9. Bd3 d6 10. O-O h5 11. a4 h4 12. Qf3 Bd7 13. h3 Qc5 14. Be3 Qh5 15.
Qxh5 Rxh5 16. f4 Bc6 17. b4 a5 18. b5 Bd7 19. Ne2 d5 20. e5 Ne4 21. Bxe4 dxe4
22. Nc3 Rc8 23. Nxe4 Rc4 24. Nd2 Rc3 25. Kf2 f6 26. Bd4 Rxc2 27. Ke3 fxe5 28.
Bxe5 Bb4 29. Ne4 Rxg2 30. Rg1 Rxg1 31. Rxg1 Bf8 32. Bxg7 Bxg7 33. Rxg7 Rh6 34.
Nd6+ 1-0

[Event "SC Diogenes II - Hamburger SK IV"]
[Site "Landesliga Hamburg 2022/23"]
[Date "2022.12.11"]
[Round "3.34"]
[White "Hohlfeld, Wolfgang"]
[Black "Groetzbach, Daniel"]
[Result "1-0"]
[WhiteElo "2042"]
[BlackElo "2098"]
[PlyCount "92"]

1. e4 c5 2. c3 Nf6 3. e5 Nd5 4. d4 cxd4 5. Nf3 Nc6 6. Bc4 Nb6 7. Bb3 d6 8. exd6
Qxd6 9. O-O g6 10. Ng5 e6 11. cxd4 Qxd4 12. Qf3 Ne5 13. Qe2 Bg7 14. Rd1 Qb4 15.
Nc3 O-O 16. Be3 Nec4 17. Bd4 e5 18. Bxb6 Nxb6 19. Nxf7 Rxf7 20. Rd8+ Bf8 21.
Qxe5 Nc4 22. Qd5 Be6 23. Qxe6 Rxd8 24. Bxc4 Rdd7 25. Qe2 Rde7 26. Bxf7+ Rxf7
27. Rd1 Qh4 28. Ne4 h6 29. Qc4 Qe7 30. Nd6 Qxd6 31. Rxd6 Bxd6 32. Qe6 Bc7 33.
Qxg6+ Kf8 34. Qxh6+ Kg8 35. Qh3 Re7 36. Qc8+ Kf7 37. g3 b6 38. a3 Be5 39. Qf5+
Ke8 40. b4 Bd4 41. h4 Re5 42. Qh7 a6 43. Qg8+ Ke7 44. Qc4 Re4 45. Qd3 Rg4 46.
Kg2 Bf6 1-0

[Event "SC Diogenes II - Hamburger SK IV"]
[Site "Landesliga Hamburg 2022/23"]
[Date "2022.12.11"]
[Round "3.35"]
[White "Frackowiak, Oliver"]
[Black "Hein, Ralf"]
[Result "1-0"]
[WhiteElo "2132"]
[BlackElo "2038"]
[PlyCount "53"]

1. e4 c6 2. Nc3 d5 3. Nf3 dxe4 4. Nxe4 Nf6 5. Ng3 Bg4 6. Be2 e6 7. h3 Bxf3 8.
Bxf3 Bd6 9. O-O Nbd7 10. d4 Qc7 11. Ne4 Nxe4 12. Bxe4 h6 13. b3 O-O-O 14. c4 f5
15. Bd3 c5 16. d5 Rhf8 17. Qc2 Ne5 18. Be2 exd5 19. cxd5 f4 20. f3 Kb8 21. Bb2
g5 22. Rac1 h5 23. b4 Rc8 24. bxc5 Bxc5+ 25. Qxc5 Qxc5+ 26. Rxc5 Rxc5 27. Bxe5+
1-0

[Event "SC Diogenes II - Hamburger SK IV"]
[Site "Landesliga Hamburg 2022/23"]
[Date "2022.12.11"]
[Round "3.36"]
[White "Kalla, Christian"]
[Black "Jantzen, Hans-Joerg"]
[Result "1-0"]
[WhiteElo "1979"]
[BlackElo "2161"]
[PlyCount "87"]

1. e4 c6 2. d4 Na6 3. Nc3 Nc7 4. f4 d5 5. e5 h5 6. Nf3 g6 7. Bd3 Nh6 8. Ne2 Bf5
9. Ng3 Bxd3 10. Qxd3 e6 11. Bd2 Be7 12. Qb3 b6 13. O-O-O Kd7 14. Kb1 h4 15. Nf1
Na6 16. Ne3 b5 17. g4 hxg3 18. hxg3 Nf5 19. g4 Rxh1 20. Rxh1 Ng3 21. Rh3 Ne4
22. Be1 Qb6 23. Rh7 Rf8 24. f5 gxf5 25. gxf5 b4 26. Qd3 Nc7 27. f6 Bd8 28. Nd2
Nxd2+ 29. Bxd2 a5 30. Ng4 Kc8 31. Bh6 Rg8 32. Rg7 Rh8 33. Rxf7 Nb5 34. Rf8 Rxf8
35. Bxf8 Qa7 36. Bc5 Qf7 37. Qh3 Qg6 38. a4 bxa3 39. bxa3 a4 40. Qf3 Qf7 41.
Nh6 Qg6 42. f7 Qxh6 43. f8=Q Qd2 44. Kb2 1-0

[Event "SC Diogenes II - Hamburger SK IV"]
[Site "Landesliga Hamburg 2022/23"]
[Date "2022.12.11"]
[Round "3.37"]
[White "Posske, Thore"]
[Black "Juergens, Achim"]
[Result "1-0"]
[WhiteElo "1992"]
[BlackElo "1920"]
[PlyCount "43"]

1. d4 Nf6 2. Nf3 g6 3. c4 Bg7 4. Nc3 d6 5. e4 O-O 6. Be2 c6 7. e5 dxe5 8. Nxe5
Nbd7 9. O-O e6 10. Be3 Qa5 11. f4 a6 12. a3 Qc7 13. Bf3 Rb8 14. Qe2 c5 15. b4
Nxe5 16. fxe5 cxd4 17. exf6 Bxf6 18. Ne4 Be5 19. Bh6 Rd8 20. Bg5 Bxh2+ 21. Kh1
Be5 22. Nf6+ 1-0

[Event "SC Diogenes II - Hamburger SK IV"]
[Site "Landesliga Hamburg 2022/23"]
[Date "2022.12.11"]
[Round "3.38"]
[White "Johanssen, Torsten"]
[Black "Atri, Jamshid"]
[Result "1/2-1/2"]
[WhiteElo "1877"]
[BlackElo "1954"]
[PlyCount "75"]

1. c4 Nf6 2. Nc3 e6 3. e4 d5 4. cxd5 exd5 5. e5 Ne4 6. Nf3 Nc6 7. Bb5 Nxc3 8.
Bxc6+ bxc6 9. bxc3 Be7 10. O-O O-O 11. Re1 c5 12. d4 c4 13. a4 Rb8 14. Ba3 Bf5
15. Bxe7 Qxe7 16. Qc1 a5 17. Qf4 Bd3 18. Qd2 Rb6 19. Rec1 Rfb8 20. Ng5 h6 21.
Nh3 Rb2 22. Qe3 Re2 23. Qg3 Rbb2 24. Re1 Rec2 25. Rec1 Rxc1+ 26. Rxc1 Qa3 27.
Nf4 Qxc3 28. Qe3 Rc2 29. Rd1 c6 30. e6 Bf5 31. exf7+ Kxf7 32. Qe5 g6 33. Re1
Qa3 34. Qe8+ Kf6 35. Qd8+ Kf7 36. Qe8+ Kf6 37. Qd8+ Kf7 38. Qe8+ 1/2-1/2

[Event "SC Diogenes II - Hamburger SK IV"]
[Site "Landesliga Hamburg 2022/23"]
[Date "2022.12.11"]
[Round "3.40"]
[White "Zehic, Emir"]
[Black "Rogozenco, Teodora"]
[Result "1/2-1/2"]
[WhiteElo "1740"]
[BlackElo "1955"]
[PlyCount "123"]

1. e4 d6 2. d4 Nf6 3. Nc3 e5 4. dxe5 dxe5 5. Qxd8+ Kxd8 6. Bc4 Bb4 7. Bd2 Nbd7
8. Nge2 Rf8 9. f3 c6 10. O-O-O Kc7 11. Ng3 b5 12. Bb3 Bc5 13. Nf5 Ne8 14. Rhe1
g6 15. Ne3 Nd6 16. g4 f6 17. Kb1 Nb6 18. Ne2 a5 19. c3 a4 20. Bc2 Be6 21. Nc1
Nb7 22. Nd3 Bd6 23. b4 axb3 24. Bxb3 Nc4 25. Nb2 Nxd2+ 26. Rxd2 Bxb3 27. axb3
Ra3 28. Kc2 Na5 29. b4 Nb3 30. Rxd6 Na1+ 31. Kb1 Kxd6 32. Nec4+ bxc4 33. Nxc4+
Kc7 34. Nxa3 Ra8 35. Kxa1 Rxa3+ 36. Kb2 Ra8 37. Ra1 Rh8 38. Ra7+ Kb6 39. Rd7 h5
40. h3 hxg4 41. hxg4 Rh3 42. Rd3 f5 43. exf5 gxf5 44. Kc2 f4 45. c4 Rg3 46. Ra3
Rh3 47. Kd2 Rg3 48. Rd3 Rg2+ 49. Kc3 Rf2 50. Kb3 Rf1 51. Ka4 Ra1+ 52. Ra3 Rb1
53. c5+ Ka6 54. Ra2 Rf1 55. b5+ cxb5+ 56. Kb4+ Kb7 57. Kxb5 Rxf3 58. c6+ Kb8
59. Kc5 Rd3 60. Kb6 Rb3+ 61. Kc5 Rc3+ 62. Kb6 1/2-1/2

[Event "SV Großhansdorf - SK Weisse Dame"]
[Site "Landesliga Hamburg 2022/23"]
[Date "2023.01.15"]
[Round "4.1"]
[White "Popist, Florian"]
[Black "Wahls, Matthias"]
[Result "1-0"]
[WhiteElo "2159"]
[BlackElo "2541"]
[PlyCount "111"]

1. e4 c5 2. Nc3 d6 3. f4 g6 4. Nf3 Bg7 5. Bc4 Nc6 6. O-O e6 7. d4 cxd4 8. Nb5
Na5 9. Qd3 a6 10. Nbxd4 Nxc4 11. Qxc4 Ne7 12. Qd3 b5 13. c3 O-O 14. Be3 Rb8 15.
Rad1 Qc7 16. Nb3 Rd8 17. Bd4 f6 18. Bf2 Bb7 19. Nbd4 Qc8 20. Nb3 Ba8 21. Ba7
Rb7 22. Bf2 Rb8 23. Ba7 Rb7 24. Bf2 Rdd7 25. Rd2 Qc4 26. Qc2 Qc8 27. Rfd1 Qc7
28. Nc5 d5 29. Nxd7 Qxd7 30. Bc5 Rc7 31. Bxe7 Qxe7 32. e5 b4 33. Rd4 bxc3 34.
bxc3 Qc5 35. Qa4 Qb5 36. Qxb5 axb5 37. Rb4 Bc6 38. exf6 Bxf6 39. Nd4 Bxd4+ 40.
cxd4 Bd7 41. Rd2 Kf7 42. Kf2 Kf6 43. Rb3 Rc1 44. Ra3 Rc7 45. g4 h5 46. h3 Ke7
47. Kg3 Kf6 48. Re2 hxg4 49. hxg4 Bc8 50. Ree3 Bd7 51. Rec3 Rb7 52. Ra8 Ke7 53.
Rc2 Kf6 54. Rh2 b4 55. Rh7 b3 56. Rf8# 1-0

[Event "SV Großhansdorf - SK Weisse Dame"]
[Site "Landesliga Hamburg 2022/23"]
[Date "2023.01.15"]
[Round "4.2"]
[White "Paul, Anatolij"]
[Black "Mandelbaum, Peter-Rene"]
[Result "1/2-1/2"]
[WhiteElo "2050"]
[BlackElo "2091"]
[PlyCount "95"]

1. d4 d5 2. c4 e6 3. Nf3 Nf6 4. g3 Be7 5. Bg2 O-O 6. O-O dxc4 7. Qc2 a6 8. a4
Bd7 9. Qxc4 Bc6 10. Bf4 Bd6 11. Qc1 a5 12. Nc3 Na6 13. Re1 Bxf3 14. Bxf3 c6 15.
Rd1 Nb4 16. Be5 Qe7 17. Qg5 h6 18. Bxf6 hxg5 19. Bxe7 Bxe7 20. e4 Rad8 21. d5
cxd5 22. exd5 exd5 23. Nxd5 Nxd5 24. Rxd5 Rxd5 25. Bxd5 b6 26. Re1 Bf6 27. b3
Rd8 28. Bc4 Kf8 29. Bb5 g6 30. Re2 Kg7 31. Kg2 Rc8 32. Bc4 Rc7 33. Rd2 Be7 34.
Rd5 Kf6 35. h3 Bc5 36. g4 Re7 37. Kf3 Re5 38. Rxe5 Kxe5 39. Bxf7 Kf6 40. Be8
Bd4 41. Ke2 Bc5 42. f3 Bg1 43. Kd3 Bf2 44. Ke4 Bg1 45. f4 gxf4 46. Kxf4 g5+ 47.
Kg3 Bc5 48. h4 1/2-1/2

[Event "SV Großhansdorf - SK Weisse Dame"]
[Site "Landesliga Hamburg 2022/23"]
[Date "2023.01.15"]
[Round "4.3"]
[White "Lansky, Georg"]
[Black "Kuhn, Gerd"]
[Result "1-0"]
[WhiteElo "2057"]
[BlackElo "1993"]
[PlyCount "65"]

1. e4 c6 2. d4 d5 3. Nd2 dxe4 4. Nxe4 Nf6 5. Nxf6+ exf6 6. c3
Bd6 7. Bd3 O-O 8. Qc2 Re8+ 9. Ne2 h6 10. O-O Qc7 11. g3 Bh3 12. Re1 Nd7 13. Bf4
Nf8 14. Bxd6 Qxd6 15. Nf4 Bd7 16. Bf5 Bxf5 17. Qxf5 g6 18. Qc2 Kg7 19. Qb3 b6
20. d5 Re5 21. dxc6 Qxc6 22. Nd3 Rxe1+ 23. Rxe1 Re8 24. Rxe8 Qxe8 25. Qd5 Qe2
26. Kg2 Ne6 27. Qf3 Qc2 28. h4 h5 29. Nb4 Qxb2 30. Nd5 f5 31. Qe3 Kf8 32. Qe5
Ke8 33. Qd6 1-0

[Event "SV Großhansdorf - SK Weisse Dame"]
[Site "Landesliga Hamburg 2022/23"]
[Date "2023.01.15"]
[Round "4.4"]
[White "Varain, Ernst-Helmuth"]
[Black "Schiele, Lars"]
[Result "0-1"]
[WhiteElo "2054"]
[BlackElo "2049"]
[PlyCount "114"]

1. e4 e5 2. Nf3 Nc6 3. Bc4 Bc5 4. c3 Nf6 5. d3 d6 6. Nbd2 Bb6 7. a4 O-O 8. O-O
a6 9. Re1 Ne7 10. a5 Ba7 11. Nf1 Ng6 12. h3 c6 13. Bb3 Bb8 14. Bc2 Bc7 15. b4
Be6 16. Ng3 h6 17. Bb3 Qd7 18. Nh2 Rad8 19. Be3 d5 20. Nh5 Qe7 21. Nxf6+ Qxf6
22. exd5 cxd5 23. Bc5 Rfe8 24. Ba4 Bd7 25. Bxd7 Rxd7 26. Qg4 Rdd8 27. Rad1 Qc6
28. Nf1 Bxa5 29. h4 Bc7 30. h5 Nf4 31. Ng3 Qf6 32. Nf5 Qg5 33. Qxg5 hxg5 34. h6
gxh6 35. Be7 Rd7 36. Nxh6+ Kg7 37. Bxg5 Ne6 38. Bd2 Rh8 39. Nf5+ Kf6 40. Ne3
Rg8 41. f3 Bb6 42. Kf1 Bxe3 43. Bxe3 d4 44. Bd2 dxc3 45. Bxc3 Rd5 46. Re4 Rgd8
47. f4 Rxd3 48. Rxd3 Rxd3 49. Bxe5+ Kf5 50. Rc4 f6 51. g4+ Kxg4 52. Bxf6 Kf3
53. Rc3 Nxf4 54. Ke1 Ng2+ 55. Kf1 Ne3+ 56. Kg1 Rxc3 57. Bxc3 Nd5 0-1

[Event "SV Großhansdorf - SK Weisse Dame"]
[Site "Landesliga Hamburg 2022/23"]
[Date "2023.01.15"]
[Round "4.5"]
[White "Ludwig, Jan"]
[Black "Felten, Joachim"]
[Result "1/2-1/2"]
[WhiteElo "2047"]
[BlackElo "2073"]
[PlyCount "58"]

1. e4 e6 2. d4 d5 3. e5 c5 4. Qg4 cxd4 5. Nf3 Nc6 6. Bd3 Qc7 7. Qg3 f6 8. exf6
Qxg3 9. hxg3 Nxf6 10. Bf4 Bb4+ 11. Nbd2 a5 12. O-O-O Bc5 13. Nb3 Bb6 14. Nbxd4
Nxd4 15. Nxd4 Bd7 16. c3 Kf7 17. f3 Rac8 18. Kd2 Bc7 19. Bxc7 Rxc7 20. Rde1 g6
21. f4 Bc8 22. Nf3 Re7 23. Ne5+ Kg7 24. g4 Nd7 25. g3 Nxe5 26. Rxe5 Bd7 27.
Rhe1 Rhe8 28. f5 gxf5 29. gxf5 h6 1/2-1/2

[Event "SV Großhansdorf - SK Weisse Dame"]
[Site "Landesliga Hamburg 2022/23"]
[Date "2023.01.15"]
[Round "4.6"]
[White "Limbach, Torsten"]
[Black "Kuhle, Sebastian"]
[Result "1/2-1/2"]
[WhiteElo "1909"]
[BlackElo "2054"]
[PlyCount "106"]

1. c4 Nf6 2. g3 c5 3. Bg2 g6 4. Nc3 Bg7 5. Nf3 Nc6 6. O-O O-O 7. d4 cxd4 8.
Nxd4 Nxd4 9. Qxd4 d6 10. Qd3 Bf5 11. e4 Be6 12. Nd5 Nxd5 13. cxd5 Bd7 14. Qb3
b5 15. Be3 Qa5 16. Bg5 Rfe8 17. Rac1 h6 18. Be3 Rec8 19. h4 Qa4 20. Qxa4 bxa4
21. b3 Bb5 22. Bh3 Rxc1 23. Rxc1 Bd3 24. bxa4 Bxe4 25. Bg2 Bxg2 26. Kxg2 Kf8
27. Bxa7 e6 28. Rc7 exd5 29. a5 Bf6 30. Rb7 Bd8 31. a6 Ke8 32. a4 d4 33. Kf3 d5
34. Ke2 h5 35. Kd3 f6 36. Kxd4 Rxa7 37. Rxa7 Bb6+ 38. Kxd5 Bxa7 39. Ke6 g5 40.
f3 gxh4 41. gxh4 Bf2 42. a7 Bxa7 43. Kxf6 Bd4+ 44. Kg6 Bc3 45. Kxh5 Kf7 46. Kg5
Bf6+ 47. Kg4 Bd8 48. h5 Kf6 49. f4 Ba5 50. h6 Kg6 51. h7 Kxh7 52. Kf5 Kg8 53.
Ke6 Kf8 1/2-1/2

[Event "SV Großhansdorf - SK Weisse Dame"]
[Site "Landesliga Hamburg 2022/23"]
[Date "2023.01.15"]
[Round "4.7"]
[White "Kielhorn, Sebastian"]
[Black "Jordt, Joachim"]
[Result "1/2-1/2"]
[WhiteElo "1955"]
[BlackElo "2062"]
[PlyCount "73"]

1. d4 e6 2. c4 f5 3. Nc3 Nf6 4. Nf3 b6 5. g3 Bb7 6. Bg2 Bb4 7. O-O O-O 8. Qb3
a5 9. Bf4 Na6 10. Rfd1 Bxc3 11. bxc3 Be4 12. Ne5 Bxg2 13. Kxg2 d6 14. Nd3 Qe7
15. f3 Kh8 16. Qb5 Qd7 17. Bg5 Nb8 18. Bxf6 Rxf6 19. e4 fxe4 20. fxe4 Qxb5 21.
cxb5 Nd7 22. Rf1 Raf8 23. Rxf6 Rxf6 24. Rd1 g5 25. e5 Rf8 26. Re1 Re8 27. Kf3
Kg7 28. h4 h6 29. Kg4 Kg6 30. hxg5 hxg5 31. Rh1 Rf8 32. a4 dxe5 33. dxe5 Rf5
34. Re1 Kh6 35. Rh1+ Kg6 36. Re1 Kh6 37. Rh1+ 1/2-1/2

[Event "SV Großhansdorf - SK Weisse Dame"]
[Site "Landesliga Hamburg 2022/23"]
[Date "2023.01.15"]
[Round "4.8"]
[White "Baldauf, Bastian"]
[Black "Opasiak, Dustin Tennessee"]
[Result "1-0"]
[WhiteElo "2087"]
[BlackElo "1734"]
[PlyCount "45"]

1. e4 e6 2. d4 d5 3. Nd2 Nc6 4. Bb5 a6 5. Bxc6+ bxc6 6. Ngf3 Nf6 7. e5 Nd7 8.
O-O c5 9. c4 c6 10. Re1 Qc7 11. Qe2 Be7 12. b3 O-O 13. Bb2 a5 14. Rac1 a4 15.
cxd5 cxd5 16. dxc5 Ba6 17. Qe3 Bxc5 18. Ba3 Rfc8 19. Bxc5 Nxc5 20. b4 Qb7 21.
bxc5 Qb2 22. a3 Qa2 23. Nd4 1-0

[Event "SK Marmstorf - SK Johanneum Eppendorf II"]
[Site "Landesliga Hamburg 2022/23"]
[Date "2023.01.15"]
[Round "4.9"]
[White "Kussin, Bernd"]
[Black "Kuberczyk, Christoph"]
[Result "1/2-1/2"]
[WhiteElo "2100"]
[BlackElo "2287"]
[PlyCount "140"]

1. d4 Nf6 2. Nf3 d5 3. c4 e6 4. cxd5 exd5 5. Nc3 c6 6. Bg5 Be7 7. Qc2 g6 8. e3 Bf5 9. Bd3 Bxd3 10. Qxd3 Nbd7 11. O-O O-O 12. Rab1 a5 13. Qc2 Ne8 14. Bh6 Ng7 15. Na4 Re8 16. Nc5 Qc7 17. Nxd7 Qxd7 18. Bxg7 Kxg7 19. Ne5 Qe6 20. Nd3 Bd6 21. Nc5 Qe7 22. Rbc1 Qc7 23. h3 Re7 24. a3 Rae8 25. Qd2 f5 26. Nd3 f4 27. Nxf4 Bxf4 28. exf4 Re2 29. Qc3 Qxf4 30. Rce1 a4 31. Rxe2 Rxe2 32. Qb4 Kh6 33. Qxb7 Qxd4 34. Qxc6 Rxb2 35. Qc1+ Qd2 36. Qxd2+ Rxd2 37. Rb1 Rd3 38. Rb4 Rxa3 39. Rd4 Ra1+ 40. Kh2 Rf1 41. Rxa4 Rxf2 42. Rd4 Rf5 43. g4 Re5 44. Kg3 Kg5 45. h4+ Kf6 46. g5+ Ke6 47. Ra4 Rf5 48. Ra6+ Ke5 49. Ra7 d4 50. Rxh7 d3 51. Rd7 Ke4 52. Rd6 Rf3+ 53. Kg2 Rf4 54. Kg3 Rf5 55. Kg2 Ke3 56. Re6+ Kd4 57. Rd6+ Kc4 58. Kg3 Rf1 59. Kg4 Rg1+ 60. Kf4 Rh1 61. Kg4 Rg1+ 62. Kf4 Rf1+ 63. Kg4 Rf5 64. Kg3 Rc5 65. Kf2 Kc3 66. Ke3 Re5+ 67. Kf4 Rc5 68. Ke3 Re5+ 69. Kf4 Rc5 70. Ke3 Re5+ 1/2-1/2

[Event "SK Marmstorf - SK Johanneum Eppendorf II"]
[Site "Landesliga Hamburg 2022/23"]
[Date "2023.01.15"]
[Round "4.10"]
[White "Hawellek, Jeronimo"]
[Black "Johannsen, Dennis"]
[Result "1-0"]
[WhiteElo "2258"]
[BlackElo "2094"]
[PlyCount "55"]

1. d4 Nf6 2. c4 g6 3. Nc3 d5 4. cxd5 Nxd5 5. e4 Nxc3 6. bxc3 Bg7 7. Qa4+ Nd7 8. Nf3 O-O 9. Bg5 h6 10. Be3 c5 11. Rc1 Nb6 12. Qa5 cxd4 13. cxd4 Be6 14. d5 Bg4 15. Be2 Bxf3 16. Bxf3 Qd6 17. O-O Kh7 18. Bc5 Qf6 19. Qb4 Rfe8 20. Be2 Bf8 21. f4 Rac8 22. e5 Qg7 23. Bf3 Nd7 24. Bxa7 b6 25. Qb5 Nxe5 26. fxe5 Qxe5 27. Bxb6 Rb8 28. Qd7 1-0